Music Quiz

Random Music or Album Quiz

Metallica Albums Quiz Stats

 Plays Quiz Updated Sep 28, 2021

     
Support Sporcle.
Go Orange.
Score 0/10 Timer 03:00
1 Play Today
Year Album Title % Correct
1991Metallica (Black Album)
96.4%
1986Master of Puppets
93.1%
1984Ride the Lightning
90.3%
1988...And Justice for All
86.7%
1996Load
85.7%
1997Reload
85.6%
1983Kill 'Em All
85.6%
2003St. Anger
84%
2008Death Magnetic
79.1%
2016Hardwired... to Self-Destruct
74.5%

From the Vault

Figure Out the Disney Lyrics VI

by supergal

Music 10m
When you wish upon a star...you can use that wish to figure out what this song is.
Remove Ads.
Support Sporcle.
Get the best of Sporcle when you Go Orange. This ad-free experience offers more features, more stats, and more fun while also helping to support Sporcle. Thank you for becoming a member.

Show Comments

Extras

Top Quizzes Today


Score Distribution

Your Account Isn't Verified!

In order to create a playlist on Sporcle, you need to verify the email address you used during registration. Go to your Sporcle Settings to finish the process.

Report this User

Report this user for behavior that violates our Community Guidelines.

Details: